000 00645nam a22001577a 4500
008 170309b xxu||||| |||| 00| 0 eng d
082 _22016
_aUT 0709
_bC15
100 _919191
_aCamporedondo, Exequel M.
245 _aAntas ng Kakayahan ng mga Nagpapakitang-Turo at Mahalagang Ugnayan Ng Kanilang Kahandaan at Karanasan Sa Pagtuturo.
_cExequel M. camporedondo, Jerome D. Masibad and Noralyn S. Sarail.
300 _a38 pages;
_b28 cm.
650 0 _919192
_aEducation
_vFilipino
_xUndergraduate Thesis.
700 _919193
_aCamporedondo, Exequel M.
700 _919194
_aMansibad, Jerome D.
700 _919195
_aSarail, Noralyn S.
942 _2ddc
_cUT
999 _c6374
_d6374